[Event "HCL-A013"]
[Site "www.playchess.de"]
[Date "2001.02.17"]
[Round "34"]
[White "mariuszk"]
[Black "Hunted"]
[WhiteElo "1700"]
[BlackElo "1900"]
[PlyCount "35"]
[Result "1-0"]

1.e4 e5 2.Nf3 Nc6 3.Bb5 a6 4.Bxc6 dxc6 5.O-O f6 
6.d4 exd4 7.Nxd4 c5 8.Nb3 Qxd1 9.Rxd1 Ne7 10.Nxc5 
Ng6 11.Be3 Ne5 12.Nd3 Nc4 13.Bd4 Be6 14.b3 Nd6 
15.f3 Nb5 16.Bb2 O-O-O 17.c4 Nd4 
18.Nc3 1-0

[Event "HCL-A013"]
[Site "www.playchess.de"]
[Date "2001.02.17"]
[Round "35"]
[White "Hunted"]
[Black "DieHard"]
[WhiteElo "1900"]
[BlackElo "1800"]
[PlyCount "32"]
[Result "0-1"]

1.e4 c5 2.Nf3 d6 3.d4 cxd4 4.Nxd4 Nf6 5.Nc3 g6 
6.Be3 Bg7 7.f3 O-O 8.Qd2 Nc6 9.Bc4 Bd7 10.O-O-O 
Ne5 11.Bb3 Rc8 12.h4 h5 13.Bh6 Nc4 14.Bxc4 Rxc4 
15.Bxg7 Kxg7 16.Nde2 Qa5 0-1

[Event "HCL-A043"]
[Site "www.playchess.de"]
[Date "2001.02.18"]
[Round "8"]
[White "Kanenda"]
[Black "u2krazie"]
[WhiteElo "1600"]
[BlackElo "1297"]
[PlyCount "43"]
[Result "1-0"]

1.e4 c5 2.Nf3 d6 3.d4 cxd4 4.Nxd4 Nf6 5.Nc3 g6 
6.Be3 Bg7 7.f3 O-O 8.Qd2 Nc6 9.O-O-O Bd7 10.Bc4 
Rc8 11.Bb3 Na5 12.h4 Nc4 13.Bxc4 Rxc4 14.h5 Nxh5 
15.g4 Nf6 16.Bh6 Qa5 17.Bxg7 Kxg7 18.Qh6+ Kg8 
19.Nd5 Rfc8 20.g5 Nh5 21.Rxh5 gxh5 
22.Nxe7+ 1-0

[Event "HCL-A051"]
[Site "www.playchess.de"]
[Date "2001.02.18"]
[Round "7"]
[White "Eaglewingz"]
[Black "Spider"]
[WhiteElo "1348"]
[BlackElo "1700"]
[PlyCount "60"]
[Result "0-1"]

1.e4 c5 2.c3 Nf6 3.e5 Nd5 4.Nf3 Nc6 5.Bc4 e6 6.O-O 
Be7 7.d4 cxd4 8.cxd4 d6 9.Qe2 dxe5 10.dxe5 Nb6 
11.Rd1 Qc7 12.Nc3 a6 13.Bd3 Nb4 14.Be4 Nc6 15.Bf4 
Nd7 16.Bc2 h6 17.a3 b5 18.b4 g5 19.Bg3 Nxb4 
20.axb4 Qxc3 21.Bd3 Rb8 22.Nd4 Qxd4 23.Bxb5 Qb6 
24.Bxd7+ Bxd7 25.Rxa6 Qb5 26.Qa2 O-O 27.Ra7 Rfd8 
28.f4 Bxb4 29.fxg5 Bc5+ 30.Bf2 
Bxa7 0-1

[Event "HCL-A053"]
[Site "www.playchess.de"]
[Date "2001.02.18"]
[Round "18"]
[White "bondegnasker"]
[Black "klypp"]
[WhiteElo "1626"]
[BlackElo "2100"]
[PlyCount "84"]
[Result "0-1"]

1.d4 Nf6 2.c4 e6 3.g3 d5 4.Bg2 dxc4 5.Nf3 c5 6.O-O 
Nc6 7.Ne5 Bd7 8.Na3 cxd4 9.Naxc4 Be7 10.Qb3 Qc8 
11.Bf4 O-O 12.Rfd1 Rd8 13.Nxd7 Nxd7 14.Bxc6 Qxc6 
15.Rxd4 Nc5 16.Rxd8+ Rxd8 17.Qc2 h6 18.Rc1 Qd5 
19.b3 Ne4 20.f3 Nc5 21.Be3 b6 22.Nb2 h5 23.Rd1 Qe5 
24.Rxd8+ Bxd8 25.Qd2 Bf6 26.Nc4 Qc7 27.Qd6 Na6 
28.Qxc7 Nxc7 29.Bf4 Nd5 30.Bb8 b5 31.Ne5 Nc3 
32.Nc6 a6 33.Nb4 a5 34.Nc6 a4 35.e4 Nxa2 36.bxa4 
bxa4 37.e5 Bg5 38.f4 Bh6 39.Kf2 Nc3 40.Bd6 Nb5 
41.Ke3 a3 42.Bb4 a2 0-1

[Event "HCL-A060"]
[Site "www.playchess.de"]
[Date "2001.02.18"]
[Round "7"]
[White "Mr_Arnaud"]
[Black "superm"]
[WhiteElo "1646"]
[BlackElo "1700"]
[PlyCount "23"]
[Result "1-0"]

1.e4 c5 2.Nf3 Nc6 3.d4 cxd4 4.Nxd4 g6 5.c4 Bg7 
6.Be3 d6 7.Nc3 Nh6 8.Be2 f5 9.O-O Nf7 10.exf5 Nxd4 
11.Bxd4 Bxd4 12.Qxd4 1-0

[Event "HCL-A061"]
[Site "www.playchess.de"]
[Date "2001.02.18"]
[Round "21"]
[White "gelus"]
[Black "klypp"]
[WhiteElo "1700"]
[BlackElo "2112"]
[PlyCount "94"]
[Result "1/2-1/2"]

1.d4 Nf6 2.c4 e6 3.Nc3 Bb4 4.Qc2 O-O 5.a3 Bxc3+ 
6.Qxc3 b6 7.Bg5 Bb7 8.f3 h6 9.Bh4 d5 10.e3 Nbd7 
11.Nh3 c5 12.cxd5 cxd4 13.Qxd4 e5 14.Qd2 Bxd5 
15.Bb5 Nc5 16.Bxf6 gxf6 17.Qf2 Bb3 18.O-O a6 
19.Be2 Qd2 20.f4 Rad8 21.fxe5 fxe5 22.Qg3+ Kh7 
23.Bg4 Qd6 24.Bf5+ Kh8 25.Nf2 Qf6 26.Ng4 Qg7 
27.Qxe5 Qxe5 28.Nxe5 Rfe8 29.Nc6 Rd6 30.Nd4 Rxe3 
31.Nxb3 Nxb3 32.Rad1 Nd2 33.Bc2 Kg7 34.Rf4 Re7 
35.Rg4+ Kf8 36.Rg3 Red7 37.Re1 Nc4 38.Bh7 Re6 
39.Rxe6 fxe6 40.Bd3 b5 41.Bxc4 bxc4 42.Re3 Ke7 
43.Kf2 Rd5 44.b3 cxb3 45.Rxb3 a5 46.Ke3 h5 47.Ke4 
Rd2 1/2-1/2

[Event "HCL-A064"]
[Site "www.playchess.de"]
[Date "2001.02.18"]
[Round "2"]
[White "minkin72"]
[Black "peze3"]
[WhiteElo "2022"]
[BlackElo "2168"]
[PlyCount "54"]
[Result "0-1"]

1.e4 e5 2.Nc3 Nf6 3.Bc4 Bb4 4.f4 Nc6 5.Nd5 exf4 
6.Nf3 O-O 7.O-O Nxe4 8.d4 Nf6 9.Bxf4 Nxd5 10.Bxd5 
Ne7 11.Bb3 d5 12.Ne5 Bf5 13.c3 Bd6 14.Qe2 a5 
15.Rae1 a4 16.Bc2 Bxc2 17.Qxc2 Bxe5 18.Rxe5 Ng6 
19.Rh5 Qd7 20.Bg3 b5 21.Rhf5 Rae8 22.Qd3 Re4 23.b3 
axb3 24.axb3 c6 25.c4 f6 26.cxb5 cxb5 27.R5f2 
Rc8 0-1

[Event "HCL-B090"]
[Site "www.playchess.de"]
[Date "2001.02.18"]
[Round "2"]
[White "patisab"]
[Black "Torenvalk"]
[WhiteElo "1500"]
[BlackElo "1500"]
[PlyCount "81"]
[Result "1-0"]

1.e4 c5 2.Nf3 d6 3.d4 cxd4 4.Nxd4 Nf6 5.Nc3 a6 
6.f3 g6 7.Be3 Bg7 8.Bc4 O-O 9.Bb3 Nc6 10.Qd2 Bd7 
11.O-O-O Rc8 12.Kb1 Qa5 13.g4 Ne5 14.Nd5 Qxd2 
15.Nxe7+ Kh8 16.Rxd2 Rce8 17.Nd5 Nfxg4 18.fxg4 
Nxg4 19.Re1 Rxe4 20.c3 Nxe3 21.Rxe3 Rxe3 22.Nxe3 
f5 23.Nd5 Bc6 24.Nxc6 bxc6 25.Ne7 f4 26.Rxd6 f3 
27.Rd1 Re8 28.Nxc6 f2 29.Bc4 Bh6 30.Rd8 Rxd8 
31.Nxd8 g5 32.h3 Kg7 33.Kc2 Kf6 34.Kd1 Bf8 35.Ke2 
Bc5 36.Ne6 Bb6 37.Nd4 Bxd4 38.cxd4 Kf5 39.Kxf2 a5 
40.Bd3+ Kf4 41.Bxh7 1-0

[Event "HCL-B090"]
[Site "www.playchess.de"]
[Date "2001.02.18"]
[Round "9"]
[White "Inge_Heumann"]
[Black "patisab"]
[WhiteElo "1500"]
[BlackElo "1500"]
[PlyCount "62"]
[Result "1/2-1/2"]

1.e4 e5 2.f4 exf4 3.Nf3 d6 4.Bc4 Be6 5.Bb3 h6 6.d4 
Nf6 7.Nc3 Be7 8.Bxf4 Bxb3 9.axb3 O-O 10.O-O a6 
11.Qd2 Kh7 12.Qd3 Kg8 13.e5 dxe5 14.Nxe5 Nbd7 
15.Qh3 Nxe5 16.dxe5 Nh7 17.Rad1 Qc8 18.Qg3 Bg5 
19.Nd5 Qe6 20.Kh1 Rac8 21.Bxg5 Nxg5 22.Nf6+ Kh8 
23.Nh5 Qg6 24.Qg4 Qe6 {happy new year :-)}  
25.Qxe6 Nxe6 26.Nf4 Rcd8 27.Nxe6 Rxd1 28.Rxd1 fxe6 
29.Kg1 Kg8 30.Rd7 {Happy new year, too I think its 
a nice endgame. We`ll see it}  Rf7 {I think so : 
nice and technical endgame.}  31.Rd8+ 
Rf8 1/2-1/2

[Event "HCL-B099"]
[Site "www.playchess.de"]
[Date "2001.02.18"]
[Round "16"]
[White "Hicks"]
[Black "Hubble"]
[WhiteElo "1098"]
[BlackElo "1731"]
[PlyCount "38"]
[Result "0-1"]

1.e3 e5 2.h4 d5 3.b3 c5 4.Bb5+ Bd7 5.a4 Nf6 6.h5 
Nc6 7.h6 gxh6 8.Nf3 e4 9.Nh4 Bd6 10.Nf3 exf3 
11.Qxf3 Bg4 12.Qf5 Bxf5 13.b4 cxb4 14.Bb2 Bxc2 
15.Rxh6 Be7 16.d4 a6 17.Bxc6+ bxc6 18.Nd2 Rg8 
19.g3 b3 0-1

[Event "HCL-B103"]
[Site "www.playchess.de"]
[Date "2001.02.18"]
[Round "9"]
[White "ca_blonde"]
[Black "Joe"]
[WhiteElo "1200"]
[BlackElo "1200"]
[PlyCount "49"]
[Result "1-0"]

1.d4 d5 2.c4 Nf6 3.e3 g6 4.cxd5 e6 5.Bb5+ Bd7 
6.Bxd7+ Qxd7 7.dxe6 fxe6 8.Nf3 Nc6 9.Nc3 a6 10.Qb3 
Na5 11.Qc2 O-O-O 12.Ne5 Qe7 13.Qa4 Nc6 14.Nxc6 
bxc6 15.Qxa6+ Kd7 16.O-O Ng4 17.f3 Nxh2 18.Kxh2 
Qh4+ 19.Kg1 Bd6 20.f4 Rhf8 21.Ne4 Bb4 22.Bd2 Bxd2 
23.Nxd2 Rf5 24.Nc4 Rh5 25.Ne5+ 1-0

[Event "HCL-B144"]
[Site "www.playchess.de"]
[Date "2001.02.18"]
[Round "6"]
[White "octopus"]
[Black "DepthCharge"]
[WhiteElo "1500"]
[BlackElo "1498"]
[PlyCount "69"]
[Result "1-0"]

1.d4 Nf6 2.c4 g6 3.Nc3 Bg7 4.Nf3 d6 5.Bg5 O-O 6.e3 
c5 7.Be2 Bg4 {There is a rule against drawing in 
less than 10 moves. :)}  8.h3 Bf5 9.g4 Bd7 10.d5 
Re8 11.Nd2 Qa5 12.h4 e6 13.Bxf6 Bxf6 14.Nde4 Be7 
15.g5 exd5 16.Nf6+ Bxf6 17.gxf6 d4 18.exd4 Bg4 
19.Qd2 cxd4 20.Qh6 Rxe2+ 21.Kf1 Rxf2+ 22.Kxf2 Qf5+ 
23.Kg1 Qxf6 24.Re1 Nc6 25.Ne4 Qe5 26.Kg2 d3 
27.Rhf1 Qg7 28.Nf6+ Qxf6 29.Rxf6 Ne5 30.Kg3 Be2 
31.Qf4 Rc8 32.b3 Nf3 33.Rxf7 d2 34.Rd1 Bxd1 
35.Qf6 1-0

[Event "HCL-C092"]
[Site "www.playchess.de"]
[Date "2001.02.18"]
[Round "14"]
[White "Mal"]
[Black "cmacsweeny"]
[WhiteElo "901"]
[BlackElo "1000"]
[PlyCount "50"]
[Result "0-1"]

1.e4 e6 2.Nc3 c5 3.d4 d5 4.dxc5 Bxc5 5.exd5 Nf6 
6.Bg5 h6 7.Bxf6 Qxf6 8.Ne4 Qe5 9.Bd3 exd5 10.Nf3 
Qe6 11.O-O dxe4 12.Bb5+ Bd7 13.Ba4 Bxa4 14.Nd4 Qd5 
15.b3 Qxd4 16.bxa4 Qxd1 17.Raxd1 O-O 18.Rd5 Bb6 
19.a5 Bc7 20.f3 exf3 21.Rxf3 Rd8 22.Rfd3 Nc6 23.g4 
Rxd5 24.Rxd5 Rd8 25.Rd3 {i think youve probably 
got this one...}  Rxd3 0-1

[Event "HCL-C117"]
[Site "www.playchess.de"]
[Date "2001.02.18"]
[Round "26"]
[White "donkey"]
[Black "Platon"]
[WhiteElo "1129"]
[BlackElo "963"]
[PlyCount "35"]
[Result "1-0"]

1.Nf3 e6 2.d4 d5 3.c4 dxc4 4.Nc3 c5 5.e4 Nc6 
6.Bxc4 Nxd4 7.Nxd4 cxd4 8.Bb5+ Ke7 9.Nb1 a6 10.Bd3 
Qa5+ 11.Bd2 Qc5 12.O-O f5 13.exf5 e5 14.a3 Qd5 
15.Re1 Nh6 16.f4 Bxf5 17.Rxe5+ Qxe5 
18.fxe5 1-0

[Event "HCL-C125"]
[Site "www.playchess.de"]
[Date "2001.02.18"]
[Round "5"]
[White "Impi"]
[Black "heZZZie"]
[WhiteElo "1138"]
[BlackElo "1000"]
[PlyCount "34"]
[Result "0-1"]

1.e4 e5 2.Nf3 Nc6 3.Bb5 a6 4.Ba4 Nf6 5.O-O Be7 
6.Re1 d5 7.Nxe5 Nxe4 8.Nxc6 Qd6 9.Nxe7+ Kxe7 10.d3 
b5 11.Bb3 Qe5 12.dxe4 dxe4 13.Nc3 Bf5 14.Nxe4 Bxe4 
15.Qe2 f5 16.f3 Qc5+ 17.Kh1 Qe5 0-1

[Event "HCL-C125"]
[Site "www.playchess.de"]
[Date "2001.02.18"]
[Round "11"]
[White "surak"]
[Black "Navi"]
[WhiteElo "1198"]
[BlackElo "1513"]
[PlyCount "27"]
[Result "1-0"]

1.e4 c5 2.c3 Nc6 3.d4 cxd4 4.cxd4 d5 5.e5 e6 6.Nf3 
Bb4+ 7.Bd2 Qb6 8.Qa4 Bxd2+ 9.Nbxd2 Nge7 10.Qb3 Nf5 
11.Qxb6 axb6 12.Bb5 O-O 13.h4 Nfxd4 
14.Nxd4 1-0

[Event "HCL-C125"]
[Site "www.playchess.de"]
[Date "2001.02.18"]
[Round "15"]
[White "MEATHEAD"]
[Black "Navi"]
[WhiteElo "1000"]
[BlackElo "1513"]
[PlyCount "27"]
[Result "1-0"]

1.d4 Nf6 2.Nf3 g6 3.Ng5 Bg7 4.e4 O-O 5.Bc4 d5 
6.Qf3 dxc4 7.e5 Nd5 8.O-O f6 9.exf6 Rxf6 10.Qa3 
Nc6 11.c3 h6 12.Ne4 Rf7 13.Nbd2 Bf5 
14.Nc5 1-0

[Event "HCL-C130"]
[Site "www.playchess.de"]
[Date "2001.02.18"]
[Round "16"]
[White "logocom"]
[Black "arsenic"]
[WhiteElo "1000"]
[BlackElo "1280"]
[PlyCount "26"]
[Result "0-1"]

1.d3 e5 2.e4 Nf6 3.Nc3 Bb4 4.a3 Bxc3+ 5.bxc3 O-O 
6.Rb1 b6 7.d4 exd4 8.cxd4 Bb7 9.e5 Re8 10.Qf3 Bxf3 
11.Nxf3 d6 12.Bb5 c6 13.Rg1 cxb5 0-1

[Event "HCL-C140"]
[Site "www.playchess.de"]
[Date "2001.02.18"]
[Round "21"]
[White "Erastmus"]
[Black "hun"]
[WhiteElo "1000"]
[BlackElo "1804"]
[PlyCount "20"]
[Result "0-1"]

1.e4 Nf6 2.e5 Nd5 3.d4 d6 4.exd6 exd6 5.Bc4 Nf6 
6.Nc3 d5 7.Be2 Bb4 8.a3 Bxc3+ 9.bxc3 Ne4 10.Bb2 
c5 0-1

[Event "HCL-E014"]
[Site "www.playchess.de"]
[Date "2001.02.18"]
[Round "13"]
[White "Alexdan"]
[Black "ARMAGEDON_8"]
[WhiteElo "2000"]
[BlackElo "2253"]
[PlyCount "66"]
[Result "1/2-1/2"]

1.d4 Nf6 2.c4 e5 3.dxe5 Ng4 4.Nf3 Bc5 5.e3 Nc6 
6.Be2 Ncxe5 7.O-O Nxf3+ 8.Bxf3 Ne5 9.Nc3 O-O 10.b3 
Nxf3+ 11.Qxf3 Re8 12.Bb2 Re6 13.Rad1 Bf8 14.Nd5 c6 
15.Nf4 Rh6 16.Rd4 Bc5 17.Rd3 Qh4 18.h3 d6 19.a3 a5 
20.Rfd1 Bf5 21.R3d2 Re8 22.Nd3 Be4 23.Qf4 Qxf4 
24.Nxf4 Bf5 25.Bc3 Bb6 26.b4 axb4 27.axb4 Bc7 
28.Ra2 g5 29.Ne2 Be6 30.Ra7 Bxc4 31.Rxb7 Bxe2 
32.Re1 Bb5 33.Rxc7 Rh4 1/2-1/2

[Event "HCL-E015"]
[Site "www.playchess.de"]
[Date "2001.02.18"]
[Round "6"]
[White "sicili"]
[Black "GarryKarpov"]
[WhiteElo "2000"]
[BlackElo "2000"]
[PlyCount "25"]
[Result "1-0"]

1.Nf3 Nf6 2.d4 g6 3.c4 Bg7 4.Nc3 O-O 5.e4 d6 6.Be2 
e5 7.O-O Nc6 8.d5 Ne7 9.Ne1 Nd7 10.Be3 f5 11.f3 f4 
12.Bf2 g5 13.a4 1-0

[Event "ACL-A037"]
[Site "www.playchess.de"]
[Date "2001.02.18"]
[Round "20"]
[White "Pietros"]
[Black "Gearloose"]
[WhiteElo "1245"]
[BlackElo "1885"]
[PlyCount "85"]
[Result "1-0"]

1.d4 Nf6 2.Nc3 e6 3.e4 d5 4.e5 Nfd7 5.Nf3 c5 6.Bb5 
Nc6 7.Ng5 Nxd4 8.Ba4 b5 9.Bxb5 Nxb5 10.Nxb5 Qa5+ 
11.Nc3 Nxe5 12.O-O Be7 13.Re1 Ng6 14.Qf3 O-O 
15.Bf4 Nxf4 16.Qxf4 Qd8 17.Nf3 Bd6 18.Qd2 Bb7 
19.Nb5 Bb8 20.Rad1 a6 21.Nc3 Bc7 22.Qe2 Qf6 23.Na4 
Rac8 24.Nxc5 Bxh2+ 25.Nxh2 Rxc5 26.c3 a5 27.Ng4 
Qg5 28.Ne5 Rc7 29.Rd4 Qe7 30.Qd2 f6 31.Nf3 Rd8 
32.Ra4 Rc5 33.b4 axb4 34.cxb4 Rc4 35.Rb1 d4 36.Ra7 
e5 37.b5 Rd7 38.b6 Bxf3 39.Rxd7 Qxd7 40.gxf3 Qb7 
41.Qd3 Rc3 42.Qb5 h6 43.Qe2 1-0

[Event "ACL-A054"]
[Site "www.playchess.de"]
[Date "2001.02.18"]
[Round "3"]
[White "Flay"]
[Black "Stema"]
[WhiteElo "1500"]
[BlackElo "2161"]
[PlyCount "98"]
[Result "0-1"]

1.e4 e5 2.Nf3 Nc6 3.d4 exd4 4.Nxd4 Qh4 5.Nc3 Bb4 
6.Qd3 Bxc3+ 7.bxc3 Nf6 8.g3 Qxe4+ 9.Qxe4+ Nxe4 
10.Bb2 h6 11.Bg2 Nxd4 12.cxd4 O-O 13.O-O d5 
14.Rfe1 Re8 15.f3 Nd6 16.Rxe8+ Nxe8 17.Re1 Be6 
18.f4 Nd6 19.h3 Re8 20.g4 Nc4 21.Bc1 c6 22.f5 Bd7 
23.Rxe8+ Bxe8 24.Bf1 Nd6 25.Bf4 Ne4 26.c4 b5 
27.cxd5 cxd5 28.Bg2 Bc6 29.Bxe4 dxe4 30.a3 a6 
31.Kf2 Kf8 32.g5 hxg5 33.Bxg5 f6 34.Bf4 Bd7 35.h4 
Bxf5 36.Ke2 Kf7 37.Kd2 Ke6 38.Kc3 Bg4 39.Kb4 Kd5 
40.Ka5 Bc8 41.Be3 Kc4 42.h5 Kd3 43.Bg1 e3 44.Bxe3 
Kxe3 45.d5 Kd4 46.a4 Kc5 47.axb5 axb5 48.d6 f5 
49.d7 Bxd7 0-1

[Event "ACL-A070"]
[Site "www.playchess.de"]
[Date "2001.02.18"]
[Round "24"]
[White "Zorro"]
[Black "peze2"]
[WhiteElo "1500"]
[BlackElo "1986"]
[PlyCount "22"]
[Result "0-1"]

1.e4 e5 2.Nf3 Nf6 3.Nxe5 d6 4.Nf3 Nxe4 5.d4 d5 
6.Bd3 Bd6 7.O-O O-O 8.c4 c6 9.c5 Bc7 10.Re1 f5 
11.Qb3 b6 0-1

[Event "ACL-A073"]
[Site "www.playchess.de"]
[Date "2001.02.18"]
[Round "26"]
[White "Kevin"]
[Black "Yogibear"]
[WhiteElo "1500"]
[BlackElo "1771"]
[PlyCount "40"]
[Result "0-1"]

1.e4 c6 2.d4 d5 3.e5 Bf5 4.Nc3 e6 5.Nf3 Nd7 6.Bd3 
Bxd3 7.Qxd3 c5 8.b3 cxd4 9.Qxd4 Ne7 10.O-O Nc6 
11.Qf4 Bb4 12.Nb5 O-O 13.Nd6 Ndxe5 14.Nb5 Nxf3+ 
15.Qxf3 a6 16.c3 axb5 17.cxb4 Nxb4 18.Ba3 Rxa3 
19.Rfc1 Qb6 20.Qc3 Nxa2 0-1

[Event "HCL-B149"]
[Site "www.playchess.de"]
[Date "2001.02.18"]
[Round "1"]
[White "Nils"]
[Black "Capablancanot"]
[WhiteElo "1707"]
[BlackElo "1200"]
[PlyCount "75"]
[Result "1/2-1/2"]

1.e4 {Hi, I wish a nice game!}  c5 {Have a fun 
Game!}  2.Nf3 e6 3.Nc3 Nc6 4.Bb5 a6 5.Bxc6 bxc6 
6.O-O d5 7.b3 Nf6 8.d3 h6 9.a3 a5 10.e5 Nd7 11.Bb2 
Be7 12.Re1 O-O {You are good. My game is screwed 
up already.}  13.Qd2 {thanks!}  d4 14.Ne2 g5 15.h3 
Qb6 16.Rab1 Ba6 17.Nc1 Rfb8 18.c3 dxc3 19.Qxc3 Bb7 
20.Re4 Nf8 21.Nd2 Ng6 22.Nc4 {How late is it in 
U.S.A. now? In your town?}  Qc7 {It is 12:23pm in 
Bakersfield, CA...I am buying tickets to 
Neatherlands on computer.}  23.Qd2 {CA is 
California? I live in Hamburg, 300 km east of 
Neatherlands, 11° in the moment!}  a4 {My wife 
says Guten Mittag. She teaches German here. We 
will be in Voorburg in Juli. I love Germany.}  
24.bxa4 {Nobody say Guten Mittag. For Good morning 
= Guten Morgen, for lunch time you say Mahlzeit or 
so.}  Rxa4 {Ahhh...I thought it was after lunch 
time. Stupid American. My wifes mom lives in 
Voorburg.}  25.Qe3 Ba6 26.Ne2 {Good morning!}  
Bxc4 {Guten Morgen. I am afraid to move and make a 
mistake. I think I will resign soon.}  27.dxc4 Qa5 
28.Nc3 Rxb2 29.Rxb2 Rxa3 30.Rc2 Bd8 31.Kh2 Bc7 
32.g3 Qb4 33.Qe1 Rb3 34.Kg1 Ba5 35.Re3 Qxc4 36.Qa1 
Qb4 37.Kg2 c4 38.Ne4 1/2-1/2

[Event "HCL-C159"]
[Site "www.playchess.de"]
[Date "2001.02.18"]
[Round "3"]
[White "Winkler"]
[Black "uneek"]
[WhiteElo "1000"]
[BlackElo "1191"]
[PlyCount "57"]
[Result "1-0"]

1.e4 c5 {Good Luck and a virtual handshake!}  
2.Nf3 {Good Morning Uneek,good Luck,Andreas}  e6 
3.d4 cxd4 {:)}  4.Nxd4 a6 5.Nc3 Nc6 6.a3 Qc7 7.Be2 
Nf6 8.O-O Be7 9.Be3 O-O 10.f4 b5 11.e5 Ne8 12.Kh1 
Bb7 13.Bf3 f6 14.Nxc6 Bxc6 15.Bxc6 Qxc6 16.Qd3 d6 
17.Qe4 Qxe4 18.Nxe4 fxe5 19.fxe5 dxe5 20.Rxf8+ 
Bxf8 21.Bc5 Bxc5 22.Nxc5 Nc7 23.Rd1 h5 24.Rd7 Rc8 
25.c3 Kh7 26.h4 Kg6 27.Kh2 Kf6 28.Ne4+ Kf5 
29.Nd6+ 1-0

[Event "ACL-A083"]
[Site "www.playchess.de"]
[Date "2001.02.18"]
[Round "8"]
[White "stud"]
[Black "Mother_Teresa"]
[WhiteElo "1500"]
[BlackElo "1505"]
[PlyCount "34"]
[Result "0-1"]

1.e4 {hey wazzz up}  e5 2.Nf3 Nc6 {Hello}  3.Bc4 
Bc5 4.d3 Nf6 5.Be3 {whats up tonight}  Bxe3 {not 
much}  6.fxe3 O-O 7.O-O d6 8.Nbd2 Bg4 9.c3 a6 
10.a4 Na5 11.b4 Nc6 12.b5 axb5 13.axb5 Na5 14.h3 
Bh5 15.Rf2 c6 16.bxc6 bxc6 17.Nb3 
Nxc4 0-1

[Event "ACL-A088"]
[Site "www.playchess.de"]
[Date "2001.02.18"]
[Round "14"]
[White "roofus"]
[Black "Stema"]
[WhiteElo "1500"]
[BlackElo "2164"]
[PlyCount "38"]
[Result "0-1"]

1.e4 Nf6 2.e5 Nd5 3.d4 d6 4.Nf3 g6 5.Nc3 Nxc3 
6.bxc3 Bg7 7.c4 c5 8.dxc5 Qa5+ 9.Bd2 Qxc5 10.Qe2 
Nc6 11.Bc3 Qa3 12.Qe3 Bh6 13.Qd3 Bf5 14.Qd5 Qxc3+ 
15.Kd1 e6 16.Qxd6 Bg4 17.Rb1 Rd8 18.Rb3 Rxd6+ 
19.exd6 Qd2+ 0-1

[Event "HCL-B161"]
[Site "www.playchess.de"]
[Date "2001.02.18"]
[Round "10"]
[White "pird"]
[Black "lostpawn2000"]
[WhiteElo "1498"]
[BlackElo "1593"]
[PlyCount "39"]
[Result "1-0"]

1.e4 c6 2.d4 d5 3.Nc3 dxe4 4.f3 exf3 5.Nxf3 Bf5 
6.Bc4 e6 7.O-O Nf6 8.Ne5 Bxc2 9.Nxf7 Bxd1 10.Nxd8 
Kxd8 11.Rxd1 Ke7 12.Re1 Kf7 13.Rxe6 Kg6 14.Bf4 
Nbd7 15.Rae1 Bb4 16.R1e3 Rad8 17.Rg3+ Kf5 18.Ne2 
Nd5 19.Re4 Nxf4 20.Rxf4+ 1-0

[Event "HCL-B160"]
[Site "www.playchess.de"]
[Date "2001.02.18"]
[Round "12"]
[White "waz2000"]
[Black "pird"]
[WhiteElo "1967"]
[BlackElo "1498"]
[PlyCount "35"]
[Result "1-0"]

1.Nf3 f5 2.e4 fxe4 3.Ng5 d5 4.d3 Qd6 5.Nc3 h6 
6.Nh3 e5 7.dxe4 dxe4 8.Bd2 Nf6 9.Be2 Be6 10.Bh5+ 
Bf7 11.Bxf7+ Kxf7 12.Qe2 Nc6 13.Nxe4 Nxe4 14.Qxe4 
Be7 15.Qf3+ Bf6 16.Qb3+ Ke7 17.O-O-O Na5 
18.Bxa5 1-0

[Event "HCL-C170"]
[Site "www.playchess.de"]
[Date "2001.02.18"]
[Round "5"]
[White "Controler"]
[Black "Translightor"]
[WhiteElo "1041"]
[BlackElo "1422"]
[PlyCount "52"]
[Result "0-1"]

1.e4 {Viel Glück!!!!}  c5 {Dir auch!}  2.d4 cxd4 
3.Qxd4 Nc6 {Schade, ich hatte mich schon aufs 
Morra-Gambit gefreut.}  4.Qc3 {Was ist 
Morra-Gambit? Bin nicht so bewandert mit 
speziellen Spielzügen.}  e6 {Da opfert man mit 
3.c3 dxc3 4.Sxc3 einen Bauern und bekommt Angriff. 
Jetzt aber pass auf!}  5.a3 Nf6 6.Bd3 d5 7.e5 Ng4 
8.Bb5 Qb6 9.Bxc6+ bxc6 10.Be3 Nxe3 11.fxe3 Bc5 
12.Nf3 Bxe3 13.b4 Ba6 14.Nbd2 O-O 15.O-O-O Rac8 
16.Rhe1 Bh6 17.Kb2 Rcb8 18.Nb3 Bc4 19.g4 g6 20.g5 
Bg7 {Normalerweise kommt der Läufer auf einem 
kürzeren Weg auf dieses Feld.}  21.Nc5 {Nu hat er 
es ja doch geschafft, mit meiner Hilfe! ;-)}  Rfd8 
22.Nd4 Qxc5 23.Rdb1 a5 24.Kc1 axb4 25.axb4 Qb6 
26.b5 cxb5 0-1

[Event "HCL-C170"]
[Site "www.playchess.de"]
[Date "2001.02.18"]
[Round "10"]
[White "Controler"]
[Black "Michael_Schenk"]
[WhiteElo "1041"]
[BlackElo "1163"]
[PlyCount "46"]
[Result "0-1"]

1.e4 {Viel Glück!!!}  c5 {Danke! Ebenso.}  2.c4 
Nc6 3.Nf3 Nf6 4.Nc3 d6 5.Nd5 e6 6.Nxf6+ Qxf6 7.Qa4 
Bd7 8.Be2 g6 9.O-O Bg7 10.Qb3 Rb8 11.Qc3 a6 12.Ng5 
Nd4 13.Qd3 Qxg5 14.b3 Nxe2+ 15.Qxe2 Bxa1 16.d4 Qf6 
17.Bb2 Bxb2 18.Qxb2 cxd4 19.Rd1 e5 20.h3 O-O 
21.Rd3 b5 22.Rf3 Qe7 23.Qc2 Rfc8 0-1

[Event "HCL-A073"]
[Site "www.playchess.de"]
[Date "2001.02.18"]
[Round "6"]
[White "oiram"]
[Black "hominoid"]
[WhiteElo "1700"]
[BlackElo "1426"]
[PlyCount "52"]
[Result "0-1"]

1.e4 {good luck}  c5 2.f4 Nc6 3.Nf3 d6 4.Nc3 Nf6 
5.Be2 e6 6.d3 Be7 7.O-O O-O 8.h3 b6 9.a3 Nh5 
10.Qe1 Nd4 11.Nxd4 cxd4 12.Bxh5 dxc3 13.Qxc3 Bb7 
14.Qe1 Qc7 15.Qg3 Qc5+ 16.Be3 Qxh5 17.f5 Qh4 
18.Qh2 Rac8 19.g4 h5 20.Rf3 hxg4 21.Rg3 Rxc2 
22.Bf2 exf5 23.Qg2 Qh7 24.Rf1 Bh4 25.hxg4 Bxg3 
26.Qxg3 fxe4 0-1

[Event "HCL-C173"]
[Site "www.playchess.de"]
[Date "2001.02.18"]
[Round "3"]
[White "heZZZie"]
[Black "dg"]
[WhiteElo "810"]
[BlackElo "1105"]
[PlyCount "41"]
[Result "1-0"]

1.e4 e5 2.Bc4 Nf6 3.d4 d6 4.Nf3 Qe7 5.Bg5 h6 
6.Bxf6 gxf6 7.Nc3 Rg8 8.Nd5 Qd8 9.g3 Nc6 10.Qd3 b6 
11.Qc3 Bb7 12.Bb5 Kd7 13.Nb4 a6 14.Bxc6+ Bxc6 
15.Qxc6+ Ke7 16.Nd5+ Ke6 17.Nxc7+ Ke7 18.Nd5+ Ke6 
19.Qb7 Rc8 20.Nf4+ exf4 {good done}  21.d5+ {thank 
you      good game}  1-0

[Event "HCL-C174"]
[Site "www.playchess.de"]
[Date "2001.02.18"]
[Round "8"]
[White "AtillaX"]
[Black "Phlo"]
[WhiteElo "1000"]
[BlackElo "1000"]
[PlyCount "56"]
[Result "0-1"]

1.d4 {hello}  d5 {Hi}  2.e4 dxe4 3.Nc3 Nf6 4.f3 
Nc6 5.b3 Qxd4 6.Be3 {ouch ! good move}  Qxe3+ 
7.Nge2 Bf5 8.Qd2 {death to all who oppose Vlad the 
Impaler}  Qxd2+ 9.Kxd2 {my fair opponet just 
commited suicide}  O-O-O+ 10.Ke3 {today is a good 
day for death}  Nb4 11.fxe4 {is thy opponet ready 
for feasting bloodbath}  Nxc2+ 12.Kf2 Nxa1 13.exf5 
{you are  a very worthy opponet}  Ng4+ 14.Kg1 {you 
are very quiet}  Ne3 15.Kf2 {you are stomping me}  
Nxf1 16.Rxf1 Nc2 17.Kg3 g5 18.Rc1 Ne3 19.Kf3 Nxf5 
20.Rd1 g4+ 21.Kxg4 Ne3+ 22.Kf3 Nxd1 23.Ne4 Rd3+ 
24.Kg4 Rg8+ 25.Kh5 Rd5+ 26.Kh4 f5 27.Nf2 Rd6 
28.Nh3 Rh6+ 0-1

[Event "HCL-A075"]
[Site "www.playchess.de"]
[Date "2001.02.18"]
[Round "13"]
[White "Guano"]
[Black "Gorodish"]
[WhiteElo "1700"]
[BlackElo "1699"]
[PlyCount "32"]
[Result "0-1"]

1.e4 {hi good luck..i'm 15 male from belgium}  e6 
{bon jour, I am 35, male from germany, a 
interesting game!}  2.d4 {what is your real life 
rating?}  d5 {I am not playing in a club, look at 
my player site}  3.Nc3 Bb4 4.a3 Bxc3+ 5.bxc3 dxe4 
6.Qg4 Nf6 7.Qxg7 Rg8 8.Qh6 Rg6 9.Qe3 b6 10.Nh3 Bb7 
11.a4 Nc6 12.Ba3 Nd5 13.Qd2 Qh4 14.g3 Qg4 15.Bg2 
Na5 16.Bf1 Qf3 0-1